000 01015nam a2200241 a 4500
001 81535
003 BD-RjUL
005 20230620120616.0
008 230620s2008 ii ||||| |||| 00| 0 ben d
020 _a8186036962
035 _a(BD-RjUL)81535
040 _aBD-RjUL
_beng
_cBD-RjUL
041 _aben
082 _223
_a891.4409
_bROP 2008
100 _aরায়, কবিশেখর কালিদাস
_97929
245 _aপ্রাচীন বঙ্গ সাহিত্য :
_b(অখণ্ড সংস্করণ) /
_cকবিশেখর কালিদাস রায়
250 _aঅপর্ণা সংস্করণ
260 _aকলকাতা :
_bঅপর্ণা বুক ডিস্ট্রিবিউটরস,
_c২০০৮
300 _a৬৭৯ পৃ.;
_c২২ সেমি.
650 _2বাংলা সাহিত্য
_xইতিহাস ও সমালোচনা
650 _aBengali Literature
_xHistory and Criticism
942 _2ddc
_cBK
999 _c81535
_d81535